Intervencion para reducir riesgo en conductas sexuales de adolescentes: un ensayo aleatorizado y controlado /
Guardado en:
| Autor principal: | |
|---|---|
| Otros Autores: | , , , |
| Formato: | Texto |
| Materias: | |
| Etiquetas: |
Agregar Etiqueta
Sin Etiquetas, Sea el primero en etiquetar este registro!
|
MARC
| LEADER | 00000 a a2200000 04500 | ||
|---|---|---|---|
| 001 | 17301 | ||
| 003 | |||
| 040 | |||
| 100 | |a Gallegos, Esther C | ||
| 245 | |a Intervencion para reducir riesgo en conductas sexuales de adolescentes: |b un ensayo aleatorizado y controlado / |c Esther C Gallegos ; Carol Loveland Cherry ; David L Ronis ; Antonia M Villaruel ; Yan Zhou | ||
| 650 | |a EMBARAZO ADOLESCENTE | ||
| 650 | |a EDUCACION SEXUAL | ||
| 650 | |a SIDA | ||
| 650 | |a SEXUALIDAD | ||
| 650 | |a SALUD REPRODUCTIVA | ||
| 650 | |a MEXICO | ||
| 700 | |a Loveland Cherry, Carol | ||
| 700 | |a Ronis, David L | ||
| 700 | |a Villaruel, Antonia M | ||
| 700 | |a Zhou, Yan | ||
| 773 | |g volumen 50, número 1; páginas 59-66 | ||
| 999 | |c 37522 |d 37522 | ||
